000 00460nam a2200181Ia 4500
003 GCL
008 140319s9999 xx 000 0 eng d
040 _aGCL /
_cGCL
082 0 4 _a843
_bR L
100 1 _aVAILLAND, ROGER
245 1 0 _aLES MAUVAIS COUPS /
_cVAILLAND, ROGER
260 _a[S.N] :
_bBERNARD GRASSET ،
_c1991
300 _a149 P
490 _aLES CAHIERS ROUGES
_v0
650 0 4 _aLITERATURE
650 0 4 _aFRENCH LITERATURE
942 _2ddc
_cBK
999 _c21574
_d21574